Guide to Intangible Asset Valuation

Enregistré dans:
Détails bibliographiques
Auteur principal: Reilly, Robert F.
Autres auteurs: Schweihs, Robert P.
Format: Livre
Langue:anglais
Publié: New York American Institute of Certified Public Accountants (AICPA) 2016
Édition:Revised Edition
Sujets:
Tags: Ajouter un tag
Pas de tags, Soyez le premier à ajouter un tag!

MARC

LEADER 00000nam a2200000 4500
001 0278896
005 20240306140310.5
020 |a 978-1-93735-225-7 
041 0 |a eng 
044 |a US 
245 1 0 |a Guide to Intangible Asset Valuation  |c Robert F. Reilly, Robert P. Schweihs 
250 |a Revised Edition 
264 1 |a New York  |b American Institute of Certified Public Accountants (AICPA)  |c 2016 
300 |a 745 s. 
610 2 0 |a oceňovanie 
610 2 0 |a majetok nehmotný 
610 2 0 |a aktíva 
610 2 0 |a patenty 
610 2 0 |a značky 
610 2 0 |a ochrana autorstva 
610 2 0 |a tajomstvo obchodné 
610 2 0 |a licencie 
610 2 0 |a účtovníctvo finančné 
610 2 0 |a dane z príjmov 
610 2 0 |a spoločnosti 
610 2 0 |a bankrot 
610 2 0 |a škody 
610 2 0 |a analýzy 
610 2 0 |a hodnota 
610 2 0 |a náklady 
610 2 0 |a zisk 
100 1 |a Reilly, Robert F. 
700 1 |a Schweihs, Robert P.